| 000 | 00688nmc a2200253 a 4500 | ||
|---|---|---|---|
| 003 | AR-BaBNM | ||
| 005 | 20251128203452.0 | ||
| 008 | 080020s1989 ||||||||||||||000 | spa|| | ||
| 020 | _a950-9109-96-7 | ||
| 040 | _cAR-BaBNM | ||
| 245 | 1 | 0 | _aPromoción industrial |
| 260 |
_aBuenos Aires _bTesis _c1989 |
||
| 300 |
_a209 p. _btablas |
||
| 490 | 0 | _aFundación Bolsa de Comercio | |
| 500 | _aContiene referencias bibliográficas | ||
| 700 | 1 | _aBruno, Norberto | |
| 700 | 1 | _aNudelman Bass, Miguel Angel | |
| 700 | 1 | _aMayol, Carlos F.M. | |
| 700 | 1 | _aBlanco, Eduardo H. | |
| 700 | 1 | _aCorbi de Cañellas, Ana María | |
| 700 | 1 | _aAvalle, Néstor | |
| 942 | _cBK | ||
| 998 | _cMariana | ||
| 999 |
_c3523 _d3523 |
||